• 首页
  • 本馆介绍
  • 公告通知
  • 最新文献
  • 馆藏检索
  • 电子资源
  • 读者导购
  • 参考咨询
  • 我的图书馆
  • 登录
  • 详细信息显示
  • 放入我的书架
  • 预约/预借图书
  • 作者相关作品
  • 分类相关作品
  • 丛书相关作品
  • 出版社相关作品

书目信息

  • 表格格式
  • 工作单格式
  • 卡片格式
题名:
学前儿童数学教育
    
 
作者: 赵振国 主编
分册:  
出版信息: 郑州   郑州大学出版社  2018
页数: 170页
开本: 26cm
丛书名: 卓越名师
单 册:
中图分类: G613.4
科图分类:
主题词: 学前儿童--xue qian er tong--数学教学--幼儿师范学校--教材
电子资源:
ISBN: 978-7-5645-1642-0
000 01003nam 2200289 45
001 012001005386
005 20141212171454.0
010    @a978-7-5645-1642-0@dCNY26.00
099    @aCAL 012014136293
100    @a20140627d2014 em y0chiy50 ea
101 0  @achi
102    @aCN@b410000
105    @ak a 000yy
106    @ar
200 1  @a学前儿童数学教育@Axue qian er tong shu xue jiao yu@f主编赵振国
210    @a郑州@c郑州大学出版社@d2018
215    @a170页@d26cm
225 2  @a卓越名师@Azhuo yue ming shi
225 2  @a学前教育新课标"十二五"重点规划系列教材@Axue qian jiao yu xin ke biao " shi er wu " zhong dian gui hua xi lie jiao cai@i专业基础课系列教材
320    @a有书目 (第168-170页)
410  0 @12001@a卓越名师
410  0 @12001@a学前教育新课标"十二五"重点规划系列教材
606 0  @a学前儿童@Axue qian er tong@x数学教学@x幼儿师范学校@j教材
690    @aG613.4@v5
701  0 @a赵振国@Azhao zhen guo@4主编
801    @b江苏凤凰@c20191020
905    @b1208053-8@dG613.4@e1011@f6
    
    学前儿童数学教育/主编赵振国.-郑州:郑州大学出版社,2018
    170页;26cm.-(卓越名师).-(学前教育新课标"十二五"重点规划系列教材.专业基础课系列教材)
    
    
    ISBN 978-7-5645-1642-0:CNY26.00
    
●
相关链接 在E读中查询图书 在五车中查询图书 在当当中查询图书 在豆瓣中查询图书


正题名:学前儿童数学教育     索取号:G613.4/1011         预约/预借

序号 登录号 条形码 馆藏地/架位号 状态 备注
1 1208053   212080530   第一样本阅览室/ [索取号:G613.4/1011] 在馆    
2 1208054   212080549   教育系资料室/ [索取号:G613.4/1011] 在馆    
3 1208055   212080558   教育系资料室/ [索取号:G613.4/1011] 在馆    
4 1208056   212080567   教育系资料室/ [索取号:G613.4/1011] 在馆    
5 1208057   212080576   第四借阅区/ [索取号:G613.4/1011] 在馆    
6 1208058   212080585   第四借阅区/ [索取号:G613.4/1011] 在馆    
唐山师范学院图书馆 欢迎您!
大连网信软件有限公司© 版权所有